• 首页
  • 本馆介绍
  • 公告通知
  • 最新文献
  • 馆藏检索
  • 电子资源
  • 读者导购
  • 参考咨询
  • 我的图书馆
  • 登录
  • 详细信息显示
  • 放入我的书架
  • 预约/预借图书
  • 作者相关作品
  • 分类相关作品
  • 丛书相关作品
  • 出版社相关作品

书目信息

  • 表格格式
  • 工作单格式
  • 卡片格式
题名:
有无之辨
    
 
作者: 康中乾 著
分册:  
出版信息: 北京   人民出版社  2003
页数: 548页
开本: 20cm
丛书名: 中国哲学青年学术文库
单 册:
中图分类: B235.05
科图分类:
主题词: 玄学 , 玄学--本体论--研究 , 本体论 , 哲学--中国--魏晋南北朝时代 , 哲学--中国--三国时代
电子资源:
ISBN: 7-01-003908-9
000 01079oam2 2200313 450
001 1140077435
005 20111004095809.81
010    @a7-01-003908-9@dCNY30.00
100    @a20031110d2003 em y0chiy50 ea
101 0  @achi
102    @aCN@b110000
105    @ay z 000yy
106    @ar
200 1  @a有无之辨@e魏晋玄学本体思想再解读@f康中乾著@Ayou wu zhi bian
210    @a北京@c人民出版社@d2003
215    @a548页@d20cm
225 2  @a中国哲学青年学术文库
330    @a本书阐述了魏晋玄学的主题、演进及定位等内容。并考察了有无之辨中的“本体论问题”、“动静论问题”、“认识论问题”、“方法论问题”及“价值论问题”。
461  0 @1001012001055380
517 1  @a魏晋玄学本体思想再解读@Awei jin xuan xue ben ti si xiang zai jie du
606 0  @a玄学
606 0  @a玄学@x本体论@x研究
606 0  @a本体论
606 0  @a哲学@x中国@x魏晋南北朝时代
606 0  @a哲学@x中国@x三国时代
690    @aB235.05@v4
701  0 @a康中乾@c(哲学)@4著@Akang zhong qian
801  0 @aCN@b大连网信软件有限公司图书馆·11@c20111004
905    @a10447@dB235.05@eJY121
    
    有无之辨:魏晋玄学本体思想再解读/康中乾著.-北京:人民出版社,2003
    548页;20cm .-(中国哲学青年学术文库 )
    
    
    ISBN 7-01-003908-9:CNY30.00
    本书阐述了魏晋玄学的主题、演进及定位等内容。并考察了有无之辨中的“本体论问题”、“动静论问题”、“认识论问题”、“方法论问题”及“价值论问题”。
●
相关链接 在E读中查询图书 在五车中查询图书 在当当中查询图书 在豆瓣中查询图书


正题名:有无之辨     索取号:B235.05/JY121         预约/预借

序号 登录号 条形码 馆藏地/架位号 状态 备注
1 7824610   278246104   学院路分馆/ [索取号:B235.05/JY121] 在馆    
2 7824611   278246113   学院路分馆/ [索取号:B235.05/JY121] 在馆    
唐山师范学院图书馆 欢迎您!
大连网信软件有限公司© 版权所有